<?xml version="1.0" encoding="UTF-8"?>
<record
    xmlns:xsi="http://www.w3.org/2001/XMLSchema-instance"
    xsi:schemaLocation="http://www.loc.gov/MARC21/slim http://www.loc.gov/standards/marcxml/schema/MARC21slim.xsd"
    xmlns="http://www.loc.gov/MARC21/slim">

  <leader>00710nam a2200181Ia 4500</leader>
  <controlfield tag="008">100921s9999    xx            000 0 und d</controlfield>
  <datafield tag="082" ind1=" " ind2=" ">
    <subfield code="b">40401</subfield>
    <subfield code="a">550 &#x928; 03</subfield>
  </datafield>
  <datafield tag="100" ind1=" " ind2=" ">
    <subfield code="a">&#x91A;&#x94B;&#x930;&#x918;&#x921;&#x947; &#x936;&#x902;.&#x932;.</subfield>
  </datafield>
  <datafield tag="245" ind1=" " ind2=" ">
    <subfield code="a">&#x935;&#x938;&#x941;&#x902;&#x927;&#x930;&#x947;&#x91A;&#x947; &#x906;&#x935;&#x93F;&#x937;&#x94D;&#x915;&#x93E;&#x930;.</subfield>
  </datafield>
  <datafield tag="260" ind1=" " ind2=" ">
    <subfield code="b">&#x905;&#x928;&#x93F;&#x930;&#x942;&#x927;&#x94D;&#x926; &#x938;&#x93E;&#x939;&#x93F;&#x924;&#x94D;&#x92F;,&#x92A;&#x941;&#x923;&#x947;.</subfield>
    <subfield code="c">2003</subfield>
  </datafield>
  <datafield tag="300" ind1=" " ind2=" ">
    <subfield code="a">287</subfield>
    <subfield code="b">---</subfield>
  </datafield>
  <datafield tag="365" ind1=" " ind2=" ">
    <subfield code="b">250</subfield>
  </datafield>
  <datafield tag="520" ind1=" " ind2=" ">
    <subfield code="a">&#x935;&#x93F;&#x91C;&#x94D;&#x91E;&#x93E;&#x928;-&#x92D;&#x94C;&#x92E;&#x93F;&#x915; &#x936;&#x93E;&#x938;&#x94D;&#x924;&#x94D;&#x930;&#x947;.</subfield>
  </datafield>
  <datafield tag="630" ind1=" " ind2=" ">
    <subfield code="a">&#x935;&#x938;&#x941;&#x902;&#x927;&#x930;&#x947;&#x91A;&#x947; &#x906;&#x935;&#x93F;&#x937;&#x94D;&#x915;&#x93E;&#x930;.</subfield>
  </datafield>
  <datafield tag="650" ind1=" " ind2=" ">
    <subfield code="a">&#x935;&#x93F;&#x91C;&#x94D;&#x91E;&#x93E;&#x928;-&#x92D;&#x94C;&#x92E;&#x93F;&#x915; &#x936;&#x93E;&#x938;&#x94D;&#x924;&#x94D;&#x930;&#x947;.</subfield>
  </datafield>
  <datafield tag="730" ind1=" " ind2=" ">
    <subfield code="a">&#x935;&#x938;&#x941;&#x902;&#x927;&#x930;&#x947;&#x91A;&#x947; &#x906;&#x935;&#x93F;&#x937;&#x94D;&#x915;&#x93E;&#x930;.</subfield>
  </datafield>
  <datafield tag="942" ind1=" " ind2=" ">
    <subfield code="c">BOOK</subfield>
  </datafield>
  <datafield tag="999" ind1=" " ind2=" ">
    <subfield code="c">789514</subfield>
    <subfield code="d">789511</subfield>
  </datafield>
  <datafield tag="952" ind1=" " ind2=" ">
    <subfield code="0">0</subfield>
    <subfield code="1">0</subfield>
    <subfield code="4">0</subfield>
    <subfield code="7">0</subfield>
    <subfield code="a">WAITILAKGS</subfield>
    <subfield code="b">WAITILAKGS</subfield>
    <subfield code="c">550 &#x928; 03</subfield>
    <subfield code="d">0000-00-00</subfield>
    <subfield code="g">250.00</subfield>
    <subfield code="l">0</subfield>
    <subfield code="p">WAITILAKGS-40401</subfield>
    <subfield code="r">2010-09-21 00:00:00</subfield>
    <subfield code="w">2010-09-21</subfield>
    <subfield code="y">BOOK</subfield>
    <subfield code="z">&#x926;&#x947;&#x935;&#x918;&#x947;&#x935;</subfield>
  </datafield>
</record>
